Estadística para administración y economía

Enregistré dans:
Détails bibliographiques
Auteurs principaux: Lind, Douglas A. (autor), Marchal, William G (Auteur)
Autres auteurs: Mason, Robert Deward (autor)
Format: Livre
Langue:espagnol
Publié: Ciudad de México McGraw-Hill 2001
Sujets:
Tags: Ajouter un tag
Pas de tags, Soyez le premier à ajouter un tag!

MARC

LEADER 00000nam a2200000 a 4500
001 UCL3326
003 CL-VaPUC
008 031121e20010000MX |||||||||||||||||spa|d
020 |a 9701033612 
082 0 4 |a 330.015195  |b LIN  |2 21 
100 |a Lind, Douglas A.  |e autor  |9 569711 
700 |a Mason, Robert Deward  |e autor  |9 480630 
700 0 |a Marchal, William G  |e author  |9 480631 
245 1 0 |a Estadística para administración y economía 
300 |a 575 p 
942 |c BK 
945 |d 20031121 00:00:00  |a cmena 
260 |a Ciudad de México  |b McGraw-Hill  |c 2001 
650 0 |a Estadística descriptiva  |9 366209 
650 0 |a Probabilidades   |9 260199 
650 0 |a Regresión lineal   |9 362689 
650 0 |a Regresión múltiple  |9 424908 
650 7 |a METODOS NO PARAMETRICOS  |2 CL-VaPUC  |9 407136 
650 0 |a Análisis de regresión   |9 263763 
650 0 |a Análisis de varianza   |9 336938 
650 7 |a CORRELACION  |2 CL-VaPUC  |9 480632 
583 |a last modification  |c 20031121 00:00:00  |k Rodrigo Vera 
999 |c 306415  |d 306413 
952 |0 0  |1 0  |4 0  |6 330_015195000000000_LIN_2001  |7 0  |8 A  |9 371420  |a BIBENE  |b BIBENE  |d 2019-11-21  |i 396664K  |o 330.015195 LIN 2001  |p 396664K  |r 2025-01-15  |w 2019-11-21  |y BK  |k ICO